000
00278nam a2200133Ia 4500
100
_a
Julian michael
942
_c
BK
654
_a
Circuits
245
_a
Circuits signals and devices
260
_b
Longman
_a
Hongkong
_c
1988
300
_a
515
546
_a
ENGLISH
999
_c
23313
_d
23313